LEADER 02631nas 2200793-a 450 001 9910416549803321 005 20200830053129.6 011 $a0042-8736 035 $a(DE-599)ZDB2246136-X 035 $a(OCoLC)1838451 035 $a(CKB)110978977283604 035 $a(CONSER)sn-85019195- 035 $a(EXLCZ)99110978977283604 100 $a20751117a19489999 --o c 101 0 $arus 181 $ctxt$2rdacontent 182 $cn$2rdamedia 183 $anc$2rdacarrier 200 00$aVoprosy ?konomiki /$fAkademii?a nauk SSSR, Institut ?konomiki 210 $aMoskva $cIzd-vo "Pravda"$d1948- 215 $avolumes ;$d26 cm 311 $a0042-8736 531 $aVOPR EKON 531 1 $aVopr. čkon. 606 $aEconomic history$vPeriodicals 606 $aWorld politics$vPeriodicals 606 $aEconomics$vPeriodicals 606 $a83.10 general economic theory: general$3(NL-LeOCL)077607031$2bcl 606 $aEconomic history$2fast$3(OCoLC)fst00901974 606 $aEconomic policy$2fast$3(OCoLC)fst00902025 606 $aEconomics$2fast$3(OCoLC)fst00902116 606 $aWorld politics$2fast$3(OCoLC)fst01181381 606 $aEconomie$2gtt 606 $aECONOMIC REFORM$2unbist 606 $aECONOMIC CONDITIONS$2unbist 606 $aRUSSIAN FEDERATION$2unbist 606 $aECONOMIES IN TRANSITION$2unbist 606 $aECONOMICS$2unbist 607 $aSoviet Union$xEconomic conditions$vPeriodicals 607 $aCommunist countries$xEconomic conditions$vPeriodicals 607 $aRussia (Federation)$xEconomic conditions$y1991-$vPeriodicals 607 $aRussia (Federation)$xEconomic policy$y1991-$vPeriodicals 607 $aCommunist countries$2fast 607 $aRussia (Federation)$2fast 607 $aSoviet Union$2fast 608 $aElectronic journals. 608 $aComputer network resources. 608 $aPeriodicals.$2fast 608 $aPeriodicals.$2lcgft 615 0$aEconomic history 615 0$aWorld politics 615 0$aEconomics 615 7$a83.10 general economic theory: general. 615 7$aEconomic history. 615 7$aEconomic policy. 615 7$aEconomics. 615 7$aWorld politics. 615 17$aEconomie. 615 7$aECONOMIC REFORM. 615 7$aECONOMIC CONDITIONS. 615 7$aRUSSIAN FEDERATION. 615 7$aECONOMIES IN TRANSITION. 615 7$aECONOMICS. 712 02$aInstitut ?konomiki (Akademii?a nauk SSSR) 712 02$aRossi?skai?a akademii?a nauk. 906 $aJOURNAL 912 $a9910416549803321 996 $aVoprosy ekonomiki$9787031 997 $aUNINA LEADER 04412nam 22007095 450 001 9910483424503321 005 20240322015741.0 010 $a9783030349028 010 $a3030349020 024 7 $a10.1007/978-3-030-34902-8 035 $a(CKB)4100000010118364 035 $a(MiAaPQ)EBC6026434 035 $a(DE-He213)978-3-030-34902-8 035 $a(Perlego)3480232 035 $a(EXLCZ)994100000010118364 100 $a20200121d2020 u| 0 101 0 $aeng 135 $aurcnu|||||||| 181 $ctxt$2rdacontent 182 $cc$2rdamedia 183 $acr$2rdacarrier 200 14$aThe Affects, Cognition, and Politics of Samuel Beckett's Postwar Drama and Fiction $eRevolutionary and Evolutionary Paradoxes /$fby Cristina Ionica 205 $a1st ed. 2020. 210 1$aCham :$cSpringer International Publishing :$cImprint: Palgrave Macmillan,$d2020. 215 $a1 online resource (xi, 286 pages) 225 1 $aNew Interpretations of Beckett in the Twenty-First Century,$x2945-6800 311 08$a9783030349011 311 08$a3030349012 320 $aIncludes bibliographical references and index. 327 $a1. Introduction to Beckett's "Absurdist" Excess -- Part I Contagion and Accessibility: Revolutionary Beckett -- 2. Repetition, Deliberation, and an Other Power: The Paradox as Practice -- 3. The Liberating Laughter of "Nearly There": Beckett's Solidarity-Building Dramas -- 4. Under-the-Radar Derision and Anger: Becoming Revolutionary in/ through Beckett's Fiction -- Part II Script Evaluation and Enrichment: Evolutionary Beckett -- 5. Beckett's "Script Multiplication and Enrichment": Rejecting Toxic Disjunctions and Seeking Inclusivity -- 6. Evaluation, Expulsion, Expansion, and Reframing: Building Processing Speed and Tolerance to Cognitive Strain -- 7. Conclusion. 330 $aThe Affects, Cognition, and Politics of Samuel Beckett's Postwar Drama and Fiction: Revolutionary and Evolutionary Paradoxes theorizes the revolutionary and evolutionary import of Beckett's works in a global context defined by increasingly ubiquitous and insidious mechanisms of capture, exploitation, and repression, alongside unprecedented demands for high-volume information-processing and connectivity. Part I shows that, in generating consistent flows of solidarity-based angry laughter, Beckett's works sabotage coercive couplings of the subject to social machines by translating subordination and repression into processes rather than data of experience. Through an examination of Beckett's attack on gender/ class-related normative injunctions, the book shows that Beckett's works can generate solidarity and action-oriented affects in readers/ spectators regardless of their training in textual analysis. Part II proposes that Beckett's works can weaken the cognitivedominance of constrictive "frames" in readers/ audiences, so that toxic ideological formations such as the association of safety and comfort with simplicity and "sameness" are rejected and more complex cognitive operations are welcomed instead-a process that bolsters the mind's ability to operate at ease with increasingly complex, malleable, extensible, and inclusive frames, as well as with increasing volumes of information. 410 0$aNew Interpretations of Beckett in the Twenty-First Century,$x2945-6800 606 $aLiterature, Modern$y20th century 606 $aEuropean literature 606 $aDrama 606 $aTheater$xHistory 606 $aFiction 606 $aTwentieth-Century Literature 606 $aEuropean Literature 606 $aDrama 606 $aContemporary Theatre and Performance 606 $aFiction Literature 615 0$aLiterature, Modern 615 0$aEuropean literature. 615 0$aDrama. 615 0$aTheater$xHistory. 615 0$aFiction. 615 14$aTwentieth-Century Literature. 615 24$aEuropean Literature. 615 24$aDrama. 615 24$aContemporary Theatre and Performance. 615 24$aFiction Literature. 676 $a848.91409 676 $a828.91209 700 $aIonica$b Cristina$4aut$4http://id.loc.gov/vocabulary/relators/aut$0990623 801 0$bMiAaPQ 801 1$bMiAaPQ 801 2$bMiAaPQ 906 $aBOOK 912 $a9910483424503321 996 $aThe Affects, Cognition, and Politics of Samuel Beckett's Postwar Drama and Fiction$92266528 997 $aUNINA